Subvencions : aspectes teòrics / aspectes teòrics /
Publicado:
Barcelona :
Diputació de Barcelona. Àrea d'Hisenda i Recursos Interns. Servei d'Assistència a la Gestió Econòmica Local ,
2013
Descripción Física:
228 pàgines : il·lustracions ; 30 cm
Otros Autores:
García Soriano, Isabel
Idioma:
Catalán
MARC
| LEADER | 00000nam a2200000 a 4500 | ||
|---|---|---|---|
| 001 | 26070 | ||
| 008 | 220628b spa||||| |||| 00| 0 cat d | ||
| 080 | |a Bib-710 | ||
| 100 | |a García Soriano, Isabel |9 50429 | ||
| 245 | |a Subvencions : |b aspectes teòrics / |c documentació realitzada per: Isabel García Soriano | ||
| 260 | |a Barcelona : |b Diputació de Barcelona. Àrea d'Hisenda i Recursos Interns. Servei d'Assistència a la Gestió Econòmica Local, |c [2013] | ||
| 300 | |a 228 pàgines : |b il·lustracions ; |c 30 cm | ||
| 650 | 0 | |a Subvencions |x Dret i legislació |x Barcelona (Província) |9 50428 |2 Arxiu | |
| 700 | |a García Soriano, Isabel |9 50429 | ||
| 710 | 1 | |a Barcelona (Catalunya : Província). |b Servei d’Assistència a la Gestió Econòmica Local |9 53081 | |
| 901 | |a Arxiu | ||
| 942 | |n 1 |2 udc |c ARXIU | ||
| 952 | |0 0 |1 0 |4 0 |6 BIB710 |7 1 |9 62551 |a Arxiu |b Arxiu |d 2022-06-28 |l 0 |o Bib-710 |p 26070 |r 2022-06-28 00:00:00 |w 2022-06-28 |y ARXIU | ||
| 999 | |c 82150 |d 82150 | ||